Multiple Choice City Quiz – Sydney - Statistics

General Stats
  • This quiz has been taken 16,714 times
    16,697 since last reset
  • The average score is 6 of 10
Answer Stats
Question Answer % Correct
Which of these beaches can be found in Sydney? Bondi Beach
86%
What explorer landed at Botany Bay in 1770? James Cook
79%
What state or territory is Sydney a part of? New South Wales
79%
What inspired the shape of the Sydney Opera House's design? Sailboats
78%
Which of these bridges can you see in Sydney?
66%
Who is Sydney's international airport named for? Charles Kingsford Smith
57%
What is the word for a person from Sydney? Sydneysider
42%
What animal is Sydney's Australian rules football team named for? Swans
33%
What is the name of the river flowing through Sydney? Parramatta River
30%
Who was supposed to board flight 714 to Sydney? Tintin (The Adventures of Tintin)
24%
No matching quizzes found
Score Distribution
Percent of People with Each Score
Percentile by Number Answered
Your Score History
You have not taken this quiz since the last reset